000 00724cam a2200241 4500
008 090401t1995 xxu||||| |||| 00| 0 eng d
020 _a0748403043
035 _a(Sirsi) u27613
041 _aeng
050 _a526.8
100 _aBugayevskiy, Lev M.
245 _aMap projections : a reference manual.
260 _aLondon
_bTaylor & Francis
_c1995
300 _axx,328p. : ill.,maps ; 25cm.
350 _a24.95
520 _aA technical guide to the theory and practical problems of map projections and their application to the design of maps.
650 _aCARTOGRAPHY
650 _aMAP PROJECTIONS
690 _aMAPPING AND MEASUREMENT
700 _aSnyder, John P.
942 _n0
948 _c04/03/1997
999 _c89135
_d89135